Non-Bank Financial Institutions and Capital Markets in Turkey/ (Record no. 4650)

MARC details
000 -LEADER
fixed length control field 00465nam a22001457a 4500
008 - FIXED-LENGTH DATA ELEMENTS--GENERAL INFORMATION
fixed length control field 161122b xxu||||| |||| 00| 0 eng d
020 ## - INTERNATIONAL STANDARD BOOK NUMBER
International Standard Book Number 0-8213-5527-9
082 ## - DEWEY DECIMAL CLASSIFICATION NUMBER
Classification number 336 WOR
245 ## - TITLE STATEMENT
Title Non-Bank Financial Institutions and Capital Markets in Turkey/
Statement of responsibility, etc. The World Bank,
Medium English.
260 ## - PUBLICATION, DISTRIBUTION, ETC. (IMPRINT)
Place of publication, distribution, etc. Washington, D.C.:
Name of publisher, distributor, etc. The World Bank,
Date of publication, distribution, etc. 2003.
300 ## - PHYSICAL DESCRIPTION
Extent 149p.;
Other physical details ill.;
Dimensions 26cm.-
440 ## - SERIES STATEMENT/ADDED ENTRY--TITLE
Title A World Bank Country Study.-
650 ## - SUBJECT ADDED ENTRY--TOPICAL TERM
Source of heading or term Public finance
942 ## - ADDED ENTRY ELEMENTS (KOHA)
Source of classification or shelving scheme Dewey Decimal Classification
Koha item type BOOKS

No items available.

IRDP © 2021 :: Managed by ICT Team